Music Quiz

Random Music or Bands Quiz
Score 0/13 Timer 07:00
0 Plays Today
Instrument Band Member % Correct
Guitar, VocalsJohn Lennon
94.1%
Guitar, VocalsGeorge Harrison
91.5%
Guitar, VocalsPaul McCartney
90.2%
BassStu Sutcliffe
56.2%
WashboardPeter Shotton
35.3%
DrumsColin Hanton
25.5%
GuitarEric Griffiths
22.9%
Tea Chest BassBill Smith
21.6%
BanjoRod Davis
21.6%
PianoJohn Duff Lowe
20.9%
Tea Chest BassIvan Vaughan
19.6%
Tea Chest BassLen Garry
19%
GuitarKen Brown
17.6%

You're not logged in!

Compare scores with friends on all Sporcle quizzes.
OR
Log In

Sporcle TV

Today on Sporcle TV


Watch our educational content, quiz creation guides, and fun videos on Sporcle TV.

Show Comments

Extras

Top Quizzes Today


Score Distribution

Paid Content

Your Account Isn't Verified!

In order to create a playlist on Sporcle, you need to verify the email address you used during registration. Go to your Sporcle Settings to finish the process.

Report this User

Report this user for behavior that violates our Community Guidelines.

Details: